000
00304nam a2200109Ia 4500
008
220204s9999 xx 000 0 und d
082
_a
630*81(540)
_b
BRO
100
_a
H P
245
0
_a
Elementary manual on Indian wood technology
260
_a
Dehradun
_b
International Book distributors
_c
1989
942
_c
BK
999
_c
40055
_d
40055